Tác phẩm Nguyễn Thông
Những tác phẩm của Nguyễn Thông đã được tuyển chọn và biên dịch khá đầy đủ trong sách này
Salvato in:
| Autore principale: | |
|---|---|
| Natura: | Libro |
| Lingua: | Undetermined |
| Pubblicazione: |
Long An
Sở VHTT Long An
1984
|
| Soggetti: | |
| Tags: |
Aggiungi Tag
Nessun Tag, puoi essere il primo ad aggiungerne! !
|
| Thư viện lưu trữ: | Trung tâm Học liệu Trường Đại học Cần Thơ |
|---|
| LEADER | 00677nam a2200181Ia 4500 | ||
|---|---|---|---|
| 001 | CTU_8089 | ||
| 008 | 210402s9999 xx 000 0 und d | ||
| 082 | |a 895.9221 | ||
| 082 | |b Th455 | ||
| 100 | |a Nguyễn Thông | ||
| 245 | 0 | |a Tác phẩm Nguyễn Thông | |
| 245 | 0 | |c Nguyễn Thông; Biên soạn: Cao Tự Thanh | |
| 260 | |a Long An | ||
| 260 | |b Sở VHTT Long An | ||
| 260 | |c 1984 | ||
| 520 | |a Những tác phẩm của Nguyễn Thông đã được tuyển chọn và biên dịch khá đầy đủ trong sách này | ||
| 650 | |a vietnamese literature - 19th century | ||
| 980 | |a Trung tâm Học liệu Trường Đại học Cần Thơ | ||